Current Football Trophy Holders - Statistics

General Stats
  • This quiz has been taken 997 times
    382 since last reset
  • The average score is 21 of 25
Answer Stats
Competition Holder % Correct
FIFA World Cup Argentina
99%
CONMEBOL Copa América Argentina
99%
Ligue 1 Paris Saint-Germain
98%
Coupe de France Paris Saint-Germain
98%
UEFA Champions League Paris Saint-Germain
98%
LaLiga FC Barcelona
97%
Copa del Rey FC Barcelona
97%
Bundesliga FC Bayern München
97%
Premier League Liverpool
97%
UEFA European Championsip Spain
97%
UEFA Nations League Spain
97%
Serie A SSC Napoli
95%
UEFA Conference League Chelsea
92%
UEFA Europa League Tottenham Hotspur
88%
Ballon d’Or Rodri
87%
FA Cup Crystal Palace
84%
CONCACAF Gold Cup Mexico
72%
European Golden Shoe Kylian Mbappé
71%
FIFA Club World Cup Manchester City
68%
Africa Cup of Nations Côte d'Ivoire
66%
The Best FIFA Football Coach Carlo Ancelotti
63%
Coppa Italia Bologna FC 1909
59%
Kopa Trophy Lamine Yamal
57%
DFB-Pokal VfB Stuttgart
55%
Yashin Trophy Emiliano Martínez
54%
No matching quizzes found
Score Distribution
Percent of People with Each Score
Percentile by Number Answered
Your Score History
You have not taken this quiz since the last reset